000 00656nam a2200241Ia 4500
005 20250508165021.0
008 008 250505s9999 xx 000 0 eng d
020 _a1-85109-096-7
037 _aTextual
040 _aFEDL
_beng
_cFEDL
041 _aeng
_2eng
084 _a155, PAP
_qFEDL
100 _aPapalia Diane E
_9772273
245 0 _aHuman development
250 _a5
260 _aNew Delhi, India
_bTata McGraw-Hill Publishing Company Limited
_c1992
300 _axviii,632p.
365 _aINR
_b235
546 _aMACESE
700 _a Olds Sally Wendkos
_9779716
942 _cTEXL
_h155, PAP
999 _c1392680
_d1392680